Szczegóły MARC21

Rytuał, dramat, święto, spektakl : wstęp do teorii widowiska kulturowego /

003 -Nazwa inst., której nr kontr. jest w polu 001 [,]
    • @
    • Nazwa instytucji, której n kontrolny jest w polu 001
    • NUKAT
005 -DATA I CZAS OSTATNIEJ MODYFIKACJI [,]
    • @
    • pole kontrolne
    • 20241231104157.0
020 -Międzynarod. znormalizowany nr książki - ISBN [ , ]
    • a
    • Numer ISBN
    • 9788323506485 Find
040 -Instytucja sporządzająca opis [ , ]
    • a
    • Instytucja, która sporządziła opis (NP)
    • WR O/dja
    • c
    • Instytucja, która sporządziła rekord (NP)
    • WR O/dja
    • d
    • Instytucja, która zmodyfikowała rekord (P)
    • WR O/PC
    • d
    • Instytucja, która zmodyfikowała rekord (P)
    • WR O/djas
    • d
    • Instytucja, która zmodyfikowała rekord (P)
    • KR U/DAs
    • d
    • Instytucja, która zmodyfikowała rekord (P)
    • KR 93/MSs
041 -Język dokumentu [1, ]
    • a
    • Język tekstu (P)
    • polski
    • h
    • Język tekstu oryginalnego i/lub pośredniego (P)
    • angielski
942 -Rodzaj dokumentu [ , ]
    • c
    • Rodzaj dokumentu
    • Książka
245 -Strefa tytułu i oznaczenia odpowiedzialności [0,0]
    • a
    • Tytuł
    • Rytuał, dramat, święto, spektakl : Find
    • b
    • Ciąg dalszy tytułu (NP)
    • wstęp do teorii widowiska kulturowego / Find
    • c
    • Pozostałe elementy strefy tytułu i oznaczenia odpowiedzialności (NP)
    • red. John J. MacAloon ; przekł. Katarzyna Przyłuska-Urbanowicz ; posł. do wyd. pol. Wojciech Dudzik.
246 -Wariant tytułu [1, ]
    • i
    • Tekst wyświetlany na ekranie monitora (NP)
    • Tyt. oryg.:
    • a
    • Tytuł (NP)
    • Rite, drama, festival, spectacle
260 -Strefa adresu wydawniczego [ , ]
    • a
    • Miejsce wydania (P)
    • Warszawa :
    • b
    • Nazwa wydawcy (P)
    • Wydawnictwa Uniwersytetu Warszawskiego,
    • c
    • Data wydania (P)
    • cop. 2009.
300 -Strefa opisu fizycznego [ , ]
    • a
    • Określenie formy książki i/lub objętość (NP)
    • 440, [1] s. ;
    • c
    • Format (NP)
    • 21 cm.
336 -Typ zawartości [ , ]
    • a
    • Termin opisujący typ zawartości
    • Tekst
    • b
    • Kod określający zawartość
    • txt
    • 2
    • Źródło (terminu i kodu)
    • rdacontent
337 -Typ mediów [ , ]
    • a
    • Tryb odtwarzania
    • Bez urządzenia pośredniczącego
    • b
    • Kod typu mediów
    • n
    • 2
    • Źródło (terminu i kodu)
    • rdamedia
338 -Typ/rodzaj nośnika [ , ]
    • a
    • Hasło opisujące typ nośnika
    • Wolumin
    • b
    • Kod typu nośnika
    • nc
    • 2
    • Źródło (terminu i kodu)
    • rdacarrier
490 -Strefa serii i książki wielotomowej - forma nie do wyszukiwania [1, ]
    • a
    • Tytuł (P)
    • Dromena = Find
    • a
    • Tytuł (P)
    • Drōmena Find
830 -Hasło dodatkowe serii i opisu książki wielotomowej - tytuł ujednolicony/tytuł [ ,0]
    • a
    • Tytuł ujednolicony/tytuł (NP)
    • Dromena
    • 9
    • KHW
    • 15514
500 -Uwaga ogólna [ , ]
    • a
    • Uwaga ogólna (NP)
    • Referaty 76. Konferencji w Burg Wartenstein, 27 sierpnia - 5 września 1977 r.
504 -Uwaga dot. bibliogr. załącznikowej [ , ]
    • a
    • Uwaga dot. bibliografii załącznikowej
    • Indeks.
080 -Uniwersalna Klasyfikacja Dziesiętna [ , ]
    • 2
    • Identyfikator wydania tablic
    • UDC-P058
    • 9
    • UKD
    • 2828
    • a
    • Symbol klasyfikacji
    • 316.7
    • b
    • Dopowiedzenie
    • Socjologia kultury. Kulturowy kontekst życia społecznego. Antropologia społeczna. Kultura różnych społeczeństw. Cywilizacja. Podkultury. Subkultury. Kultura masowa. Kultury różnych grup. Dynamika kultury. Akulturacja. Zmiana kulturowa. Rozprzestrzenianie się kultury. Sankcje społeczne. Uspołecznianie zachowań.
080 -Uniwersalna Klasyfikacja Dziesiętna [ , ]
    • 2
    • Identyfikator wydania tablic
    • UDC-P058
    • 9
    • UKD
    • 2245
    • a
    • Symbol klasyfikacji
    • 008
    • b
    • Dopowiedzenie
    • Cywilizacja. Kultura. Postęp.
080 -Uniwersalna Klasyfikacja Dziesiętna [ , ]
    • 2
    • Identyfikator wydania tablic
    • UDC-P058
    • 9
    • UKD
    • 3979
    • a
    • Symbol klasyfikacji
    • 394.2
    • b
    • Dopowiedzenie
    • Święta narodowe. Święta publiczne. Festiwale. Rozrywki masowe. Karnawał. Parady. Maskarady. Dni specjalne (Dzień Matki, Dzień Ziemi, Święto Zmarłych).
650 -Hasło przedmiotowe [ ,7]
    • a
    • Hasło przedmiotowe
    • Widowiska i spektakle
    • v
    • Określnik formalny
    • konferencje.
    • 2
    • Źródło terminu
    • kaba
    • 9
    • KHW
    • 651001
650 -Hasło przedmiotowe [ ,7]
    • a
    • Hasło przedmiotowe
    • Rytuał
    • v
    • Określnik formalny
    • konferencje.
    • 2
    • Źródło terminu
    • kaba
    • 9
    • KHW
    • 650998
650 -Hasło przedmiotowe [ ,7]
    • a
    • Hasło przedmiotowe
    • Teatr
    • v
    • Określnik formalny
    • konferencje.
    • 2
    • Źródło terminu
    • kaba
    • 9
    • KHW
    • 361949
650 -Hasło przedmiotowe [ ,7]
    • a
    • Hasło przedmiotowe
    • Rytuał
    • x
    • Określnik rzeczowy
    • w sztuce
    • v
    • Określnik formalny
    • konferencje.
    • 2
    • Źródło terminu
    • kaba
    • 9
    • KHW
    • 651000
650 -Hasło przedmiotowe [ ,7]
    • a
    • Hasło przedmiotowe
    • Rytuał
    • x
    • Określnik rzeczowy
    • w literaturze
    • v
    • Określnik formalny
    • konferencje.
    • 2
    • Źródło terminu
    • kaba
    • 9
    • KHW
    • 650999
980 -Symbol UKD [ , ]
    • a
    • UKD
    • 316.7:008:394.2
700 -Hasło dodatkowe - nazwa osobowa [1, ]
    • a
    • Nazwa osobowa (NP)
    • MacAloon, John J. Find
    • d
    • Daty biograficzne (NP)
    • (1947- ).
    • e
    • Określenie rodzaju współpracy
    • Red.
    • 9
    • KHW
    • 650765
700 -Hasło dodatkowe - nazwa osobowa [1, ]
    • a
    • Nazwa osobowa (NP)
    • Dudzik, Wojciech Find
    • d
    • Daty biograficzne (NP)
    • (1959- ).
    • e
    • Określenie rodzaju współpracy
    • Posł.
    • 9
    • KHW
    • 15512
700 -Hasło dodatkowe - nazwa osobowa [1, ]
    • a
    • Nazwa osobowa (NP)
    • Przyłuska-Urbanowicz, Katarzyna Find
    • d
    • Daty biograficzne (NP)
    • (1980- ).
    • e
    • Określenie rodzaju współpracy
    • Tł.
    • 9
    • KHW
    • 650766
710 -Hasło dodatkowe - nazwa ciała zbiorowego [2, ]
    • a
    • Nazwa ciała zbiorowego lub nazwa geograficzna jako pierwszy element (NP)
    • Wydawnictwa Uniwersytetu Warszawskiego.
    • 4
    • Kod relacji
    • pbl
    • 9
    • KHW
    • 50781
920 -ISBN [ , ]
    • a
    • ISBN
    • 978-83-235-0648-5 Find
Sygnatura Status udost. Numer inwentarzowy Data inwentaryzacji Lokalizacja
POL. Kulturoznawstwo 121P.222452010-06-07BM